zpět

Detail výsledku týmu

Bristol, Olomouc

Datum a čas kvízu

34.5 Celkem bodů Celkový počet nahraných bodů na tomto kvízu bez doplňovacích otázek.
2. Pořadí na kvízu Konečné umístění týmu na tomto kvízu.

Zaznamenané odpovědi

# Otázka Odpověď Body Výsledky
1. Marek Hilšer a Jiří Drahoš ozn... 1
2. Severokorejský vůdce Kim Čong-... 0
3. Jak se jmenuje první osobnost,... 1
4. Softwarový přehrávač MP3 od sp... 1
5. V neděli získaly tyto české te... 1
6. V hlasování na facebooku poraz... 1
7. "Ten Francin je nějaké ____ na... 0
8. Novela Taneční hodiny pro star... 1
9. Kterým slovem, pro Hrabala typ... 1
10. Celkem kolik osob cestuje dopr... 0